| 000 | 00584cam a2200205 a 4500 | ||
|---|---|---|---|
| 020 | _a0070137838 (p) | ||
| 020 | _a007013782X (h) | ||
| 040 | _cDLC | ||
| 082 | 0 | 0 | _a508 BLU 1994 A027 Or. |
| 100 | 1 | _aCriswell, Susie Gwen. | |
| 245 | 1 | 0 | _aNature through science and art / |
| 260 |
_aBlue Ridge Summit, PA : _bTAB Books, _cc1994. |
||
| 300 |
_axx, 156 p. : _bill. ; _c25 cm. |
||
| 500 | _aCover title: Nature through science & art. | ||
| 650 | 0 | _aNature study | |
| 650 | 0 | _aNatural history | |
| 650 | 0 | _aNatural history illustration | |
| 650 | 0 | _aArt and science. | |
| 942 | _cEK | ||
| 999 |
_c13094 _d13094 |
||